000 00697cab a2200241 4500
001 WB3004-12
008 090401t1994 xxu||||| |||| 00| 0 eng d
035 _a(Sirsi) u58480
041 _aeng
245 _aClauses set-out work specifications
260 _c1994
350 _a0
490 _aCSW - The Property Week
_v46(4) 27 January 1994, 72(1)
520 _aNotes on the new part 5 of JCT 1980.
650 _aAMENDMENT
650 _aDESIGN LIABILITY
650 _aJCT STANDARD FORM OF BUILDING CONTRACT (1980 EDITION)
650 _aPERFORMANCE SPECIFICATION
650 _aPERFORMANCE
690 _aBUILT ENVIRONMENT-BUILDING CONTRACT FORMS
942 _n0
948 _c04/03/1997
999 _c35709
_d35709